000 003990000a22001570004500
003 MACL
005 20150702171521.0
008 150702b xxu||||| |||| 00| 0 eng d
040 _aMACL
_cmacl
100 _aSarkar, Sumit
_9394
245 _aWomen And Social Reform In Modern india
_bVol 2
260 _bPermanent Black
_c2007
350 _a745
650 _aSocial Science
_929
942 _cBK
_k300
_2ddc
999 _c8627
_d8627